00670nam a2200181 i 450000100060000000300090000600500170001500700030003200800410003510000420007624501010011826000430021930000220026270000330028485200320031799900170034995201220036643061ES-MaACL20230906160727.0t|030314s1971 sp ||||1| spa d1 aCastro Rodríguez, Manuel de.93695710aCómo organizar y dirigir una empesa / cpor Manuel de Castro ; traductor: Manuel Poblete Ruiz. aMadrid : bIbérico Europea, c[1971] a128 p. ; c21 cm.1 aPoblete Ruiz, Manuel.992692 aES-MaACLjC-47754 bR.77885 c43061d43061 00104070aATENEOMbATENEOMcDEPO2d2008-01-17eSCl0oC-47754p1045323r2023-02-23 00:00:00w2023-02-23yMONOGRAFIA